Hunger games. Vražedná pomsta /
Pokračování trilogie odehrávající se na území Severní Ameriky, zničené přírodní katastrofou.
Uloženo v:
| Série: | Hunger games,
část 2 |
|---|---|
| Hlavní autor: | |
| Další autoři: | |
| Médium: | E-kniha |
| Jazyk: | Czech |
| Vydáno: |
V Praze :
Fragment,
2019
|
| Vydání: | 3. vydání |
| Témata: | |
| Příbuzné jednotky: | Z cyklu::
Hunger games |
| Tagy: |
Žádné tagy |
| LEADER | 03341nam a2200625 i 4500 | ||
|---|---|---|---|
| 001 | 311252 | ||
| 003 | CZ PrSKC | ||
| 005 | 20260601215702.0 | ||
| 007 | ta | ||
| 008 | 190821s2019 xr d 000 f cze | ||
| 015 | |a cnb003124244 | ||
| 020 | |a 9788025343937 |q (soubor) : |c Kč 899,00 | ||
| 020 | |a 978-80-253-4309-8 |q (brožováno) : |c Kč 349,00 | ||
| 035 | |a (OCoLC)1127254456 | ||
| 040 | |a ABG001 |b cze |d ABA001 |e rda | ||
| 041 | 1 | |a cze |h eng | |
| 072 | 7 | |a 821.111(73)-3 |x Americká próza |2 Konspekt | |
| 072 | 7 | |a 821-93 |x Literatura pro děti a mládež (beletrie) |2 Konspekt | |
| 080 | |a 821.111(73)-31 |2 MRF | ||
| 080 | |a 821-93-053.67 |2 MRF | ||
| 080 | |a 821-93 |2 MRF | ||
| 080 | |a (0:82-313.2) |2 MRF | ||
| 100 | 1 | |a Collins, Suzanne, |d 1962- |7 xx0116397 |4 aut | |
| 240 | 1 | 0 | |a Catching fire. |l Česky |
| 245 | 1 | 0 | |a Hunger games. |p Vražedná pomsta / |c Suzanne Collinsová ; z anglického originálu The Hunger games Catching fire přeložil Zdík Dušek |
| 246 | 3 | 0 | |a Vražedná pomsta |
| 250 | |a 3. vydání | ||
| 264 | 1 | |a V Praze : |b Fragment, |c 2019 | |
| 300 | |a 335 stran ; |c 21 cm | ||
| 336 | |a text |b txt |2 rdacontent | ||
| 337 | |a bez média |b n |2 rdamedia | ||
| 338 | |a svazek |b nc |2 rdacarrier | ||
| 500 | |a Na hřbetu uvedeno označení části: 2 | ||
| 500 | |a Část nákladu distribuována v roce 2019 jako součást souboru 3 knih ve společném kartonovém pouzdru s názvem Trilogie Hunger games (Aréna smrti, Vražedná pomsta, Síla vzdoru); ISBN souboru pouze na krabici | ||
| 520 | 2 | |a Pokračování trilogie odehrávající se na území Severní Ameriky, zničené přírodní katastrofou. |b Hladové hry - každoroční podivná reality show, v níž dvacet čtyři dětí bojuje v aréně na život a na smrt. Katniss dosáhla vítězství v Hladových hrách aktem vzdoru proti všemocnému Kapitolu a jeho krutým pravidlům. Ona i její spolužák Peeta očekávají pomstu mocných. Překvapivé výsledky zápasu však povzbudily obyvatele země Panem, aby se postavili k odporu, a v krajích se formuje odboj. Podaří se zabránit krvavému střetnutí, jehož důsledky by byly víc než hrozivé? Nakladatelská anotace. | |
| 521 | 8 | |a Pro čtenáře od 14 let | |
| 546 | |a Český text | ||
| 655 | 7 | |a americké romány |7 fd131796 |2 czenas | |
| 655 | 7 | |a antiutopické romány |7 fd1151354 |2 czenas | |
| 655 | 7 | |a literatura young adult |7 fd1185572 |2 czenas | |
| 655 | 7 | |a publikace pro mládež |7 fd133157 |2 czenas | |
| 655 | 9 | |a American fiction |2 eczenas | |
| 655 | 9 | |a dystopian novels |2 eczenas | |
| 655 | 9 | |a young adult literature |2 eczenas | |
| 655 | 9 | |a juvenile literature |2 eczenas | |
| 700 | 1 | |a Dušek, Zdík, |d 1976- |7 ola20040616001 |4 trl | |
| 740 | 0 | 2 | |a Trilogie Hunger games |
| 765 | 1 | |t Hunger games | |
| 787 | 0 | 8 | |i Z cyklu: |t Hunger games |g 2 |
| 900 | |a ABA001 |b 20 | ||
| 928 | 9 | |a Albatros Media - Fragment | |
| 044 | |a xr | ||
| 910 | |a RBIT002 | ||
| 998 | |d 209937 |a https://core.palmknihy.cz/api/books/209937/cover?si6f65 |b https://core.palmknihy.cz/api/books/209937/cover/400?si6f65 |c https://core.palmknihy.cz/api/books/209937/cover/50?si6f65 |e 2029-10-23 |g 336 |i 9788025343098 |j https://core.palmknihy.cz/api/books/209937/preview.epub |k https://core.palmknihy.cz/api/books/209937/preview.pdf |l |q 49 |r 1 |s https://www.palmknihy.cz/kniha/209937 |t ebook |y 2020 |z 0 |v Hunger Games |w 2 | ||
| 999 | |d 311250 | ||